Quizzes
Events
Quiz Creation
Community
Videos
Private Events
Remove Ads
Sign In
Join for FREE
Feedback
Dark Mode
Quiz Categories
Sports
Geography
Music
Movies
Television
Just For Fun
Miscellaneous
History
Literature
Language
Science
Gaming
Entertainment
Religion
Holiday
For Kids
Quiz Lab
Recent
Popular Today
Quiz Kudos Today
Editor Picks
Curator Picks
Quizzes by...
Day
Popularity
Type
Ratings
Length
Year
Community
Subscriptions
Recent Discussions
Orange Saloon
Badges
Playlists
Quests
Create
Leaderboards
Showdown
Live 5
Trivia Bingo
Activity
Puzzle Library
Sporcle Events
Private Events
Virtual Trivia
Globe League
Become a Host
Pub Owners
SporcleCon
Opinionation
Our Games
Videos
Blog
Mobile Apps
Partnerships
Remove Ads and Go Orange
Feedback
Movies
Disney
Marvel Cinematic Universe
Movie Resume
Movie Titles
Oscar
Actor
Actress
Director
Pixar
Role
Movie Quotes
Movie Characters
Box Office
Nominee
Best Picture
Star Wars
James Bond
Horror Movies
Movies
Disney
Marvel Cinematic Universe
Movie Resume
Movie Titles
Oscar
Actor
Actress
Director
Pixar
Role
Movie Quotes
Movie Characters
Box Office
Nominee
Best Picture
Star Wars
James Bond
Horror Movies
Random Quiz
Search Sporcle
×
Quiz Lab
Quiz Lab
Movies
Actor
Type in answers that appear in a list
Type in answers that appear in a list
Classic
Best Score? Go Orange.
Biggest Movie By Actor Stats
Can you name the movie with the biggest North American box office for these actors?
By
pator
10m
25 Questions
344 Plays
344 Plays
344 Plays
Comments
Comments
Give Quiz Kudos
Give Quiz Kudos
-
- Ratings
hide this ad
Replay
Link that replays current quiz
Next Quiz
Link to next quiz in quiz playlist
You Got
0%
They Got
Avg Score
49%
Avg Friend Score
Upgrade to see
Score Distribution
Jump to the score distribution portion of the page
Score
0/25
Timer
10:00
0
Plays Today
Actor
Movie
% Correct
Drew Barrymore
ET: The Extra Terrestrial
90.7%
Arnold Schwarzenegger
Terminator 2: Judgement Day
86.9%
Demi Moore
Ghost
75%
Bill Murray
Ghostbusters
70.9%
Sandra Bullock
The Blind Side
68.3%
Tom Hanks
Toy Story 3
65.7%
Robert DeNiro
Meet The Fockers
61.6%
Kevin Costner
Dances With Wolves
61%
Michael Caine
The Dark Knight
60.5%
Helen Hunt
Twister
58.1%
Charlie Sheen
Platoon
54.1%
Adam Sandler
Big Daddy
50.9%
John Cusack
2012
46.5%
Actor
Movie
% Correct
Robert Redford
The Sting
46.2%
Meryl Streep
Mamma Mia!
44.8%
Tom Cruise
War of the Worlds
40.7%
Jeff Bridges
Iron Man
35.8%
Jude Law
Sherlock Holmes
34.3%
Billy Bob Thornton
Armageddon
33.4%
Paul Rudd
Knocked Up
32.6%
Jack Black
King Kong
30.2%
Samuel L Jackson
Star Wars: Episode I- The Phantom Menace
24.4%
Charlize Theron
Hancock
23.5%
Kevin Spacey
Superman Returns
20.6%
Monica Bellucci
Passion of the Christ
8.7%
Quiz Playlist
Details
Report
Send in Message
Add To Playlist
Classic:
Type in answers that appear in a list
Last Updated: Feb 16, 2017
Quiz Scoreboard
CHALLENGE
Sign Up to Join the Scoreboard
Show All
Scores
Hide
Comments
May contain spoilers
Recently Published
NBA Finals Game Top Scorers (2010s)
by flibbidy
Sports
5m
Guess the 'R' Things in 3 Words
by MSUKent
Miscellaneous
3m
Actor to Badly Drawn Movie III
by MoMosMoProblems
Movies
5m
More to Explore
Quiz From the Vault
Featured Blog Post
Where Does Lost Luggage Go?
hide this ad
You Might Also Like...
Tags
Actor Quiz
biggest
Box
office
Worldwide
Today's Top Quizzes in Movies
Browse Movies
hide this ad
Today's Top Quizzes in Actor
Browse Actor
Top Contributed Quizzes in Movies
1
Pixar Reveal II
2
How Long Is the Movie Title?
3
Pixar Reveal III
4
10 Quentin Tarantino Movies in Order
5
Adjectives in 00s Movies
6
Pixar Reveal IV
7
Movie Stars Gone to the Dogs
8
Adjectives in 10s Movies
9
Pixar Reveal V
10
Adjectives in 90s Movies
Explore More
Trending Topics
Disney
Kpop
Marvel
Harry Potter
Crossword
Anime
NBA
NFL
The Office
Pokémon
Puzzle
Country
Song
WWE
Soccer
hide this ad
More By:
pator
Quiz
Plays
Rating
Category
Featured
Created
Countries That Don't End in a Vowel (A-Z)
197,616
4.18
Geography
Jun 5, 2011
Name The Most Populous...
75,867
4.42
Geography
May 2, 2012
Isolated Capitals By Country
64,265
4.47
Geography
Aug 19, 2011
Holy Oscar Winners Batman!
57,555
4.50
Movies
Aug 25, 2011
Capital Ain't The Biggest City
26,372
3.79
Geography
Jan 8, 2011
Go to Creator's Profile
Score Distribution
Quiz Creator Spotlight
pator
Follow
Send a Message
Quizzes Created
-
Created Quiz Play Count
-
More By This Creator
Popular Quizzes Today
1
Find the US States - No Outlines Minefield
2
Find the US States
3
The Countries of the World
4
10 Largest US States in Order
5
Find the Countries of Europe - No Outlines Minefield
6
US States
7
Guess the 'R' Things in 3 Words
8
NBA Finals Game Top Scorers (2010s)
More Movies Quizzes
James Bond Venn Diagram VII
Curator's Pick
Trending Quizzes
First Name TV: Leading Men
Match the Book to the Film II
First Name TV: Leading Women Drama
Pick A Pair: Religious TV
Match the Book to the Film VI
Recently Updated
Women's Final Four Teams by Year
bhenderson79
Presidents Quartet II
eogle
Anything But Clue(do)
eogle
Anything But Oceanian Capitals
eogle
Anything But 7
eogle
Anything But Thing
eogle
Word Ladder: February 29
pecheneg
Song Title Questions
pecheneg
Women's NCAA Tournament #1 Seeds
pecheneg
Celebrity Mug Shots
pecheneg
Trending Topics
Crossword
Disney
Kpop
Anime
Harry Potter
Marvel
NBA
Country
Song
NFL
Soccer
WWE
Puzzle
Pokémon
The Office
Your Account Isn't Verified!
In order to create a playlist on Sporcle, you need to verify the email address you used during registration. Go to your
Sporcle Settings
to finish the process.
Report this User
Report this user for behavior that violates our
Community Guidelines
.
Details:
Send Report
Go to the Sporcle.com Mobile Site →
Comments